000 00398pab a2200157 454500
008 180718b1997 xxu||||| |||| 00| 0 eng d
100 _aCrittenden, Jack
245 _aWhat should we think about Wilber's method?
260 _c1997
300 _ap.99-103
362 _aFall
650 _aPolitical theory
650 _aPsychology
773 _aJournal of Humanistic Psychology
909 _a35965
999 _c35965
_d35965